| 000 | 00546nam a2200181Ia 4500 | ||
|---|---|---|---|
| 999 |
_c22865 _d22865 |
||
| 003 | OSt | ||
| 005 | 20200515090748.0 | ||
| 008 | 190216s9999||||xx |||||||||||||| ||und|| | ||
| 020 | _a0704332035 | ||
| 040 | _coclc | ||
| 082 |
_a297 _bAZZ/E |
||
| 100 |
_a Azzam, Abd Al-Rahman _92200 |
||
| 245 | 4 |
_aThe Eternal Message Of Muhammad / _cAbd Al-Rahman Azzam |
|
| 260 |
_bQuartet Books, _c1979. _aLondon: |
||
| 300 | _a298p | ||
| 650 | 0 |
_aHistory & geography _vIslamic History _92271 |
|
| 942 |
_cBK _2ddc _h297 _iAZZ/E _k297 _mAZZ/E |
||